00370cam a22000977a 4500008004000000082001700040245009400057260005000151300001000201700006100211180718b1959 xxu||||| |||| 00| 0 eng d aXA218x42 Un3 aCaravans as homes : a reportcby Ministry of Housing and Local Government, United Kingdom aLondonbHer Majesty's Stationery Officec1959 a82+p. aUnited Kingdom. Ministry of Housing and Local Government